Blogger`s special 15 tools, 5 linux destros, 4 lock browsers (Record no. 139438)

000 -LEADER
fixed length control field 00307nmm a2200097Ia 4500
008 - FIXED-LENGTH DATA ELEMENTS--GENERAL INFORMATION
fixed length control field 220120s9999||||xx |||||||||||||||||und||
020 ## - INTERNATIONAL STANDARD BOOK NUMBER
International Standard Book Number 81-318-0080-6
100 ## - MAIN ENTRY--PERSONAL NAME
Personal name PCQ December 2009
245 #0 - TITLE STATEMENT
Title Blogger`s special 15 tools, 5 linux destros, 4 lock browsers
260 ## - PUBLICATION, DISTRIBUTION, ETC.
Place of publication, distribution, etc. Cyber tach publication
Name of publisher, distributor, etc. Bangalore
Date of publication, distribution, etc. 2009
Holdings
Withdrawn status Lost status Damaged status Not for loan Home library Current library Date acquired Barcode Date last seen Price effective from Koha item type
        Central Library Central Library 01/20/2022 CD989 01/20/2022 01/20/2022 Compact Disc

Powered by Koha